Probability models for economic decisions
Gorde:
| Egile nagusia: | |
|---|---|
| Formatua: | Liburua |
| Hizkuntza: | Undetermined |
| Argitaratua: |
Belmont, CA
Thomson/Brooke/Cole
2005
|
| Gaiak: | |
| Etiketak: |
Etiketa erantsi
Etiketarik gabe, Izan zaitez lehena erregistro honi etiketa jartzen!
|
| Thư viện lưu trữ: | Trung tâm Học liệu Trường Đại học Cần Thơ |
|---|
| LEADER | 00657nam a2200205Ia 4500 | ||
|---|---|---|---|
| 001 | CTU_133082 | ||
| 008 | 210402s9999 xx 000 0 und d | ||
| 020 | |c 1521000 | ||
| 082 | |a 330.015195 | ||
| 082 | |b M996 | ||
| 100 | |a Myerson, Roger B. | ||
| 245 | 0 | |a Probability models for economic decisions | |
| 245 | 0 | |c Roger B. Myerson | |
| 260 | |a Belmont, CA | ||
| 260 | |b Thomson/Brooke/Cole | ||
| 260 | |c 2005 | ||
| 650 | |a Decision making,Economics, Mathematical,Probabilities,Statistical decision,Toán kinh tế,Toán xác suất | ||
| 650 | |x Mathematical models | ||
| 904 | |i Giang | ||
| 980 | |a Trung tâm Học liệu Trường Đại học Cần Thơ | ||